| 000 | 01364nam a2200301 a 4500 | ||
|---|---|---|---|
| 003 | OSt | ||
| 005 | 20240808100031.0 | ||
| 007 | cr ||||||a|c|a | ||
| 008 | 240806s2022 mx o|||fom||| 001 0 spa d | ||
| 040 | _erda | ||
| 100 | 1 |
_aCervantes Martínez, Luis Angel _9189375 |
|
| 245 | 1 |
_aEfecto de diferentes niveles de inclusión de grasa de sobrepaso en dietas para ovinos de engorda / _cpor Luis Angel Cervantes Martínez, Elda Arely De Luna Baltazar; director Laura Haydée Vallejo Hernández |
|
| 264 | 1 |
_aChapingo, México : _bEl autor, _c2022 |
|
| 300 |
_a1 recurso en línea (67 páginas): _bcuadros y figuras. |
||
| 336 |
_2rdacontent _atexto _btxt |
||
| 337 |
_2rdamedia _acomputadora _bc |
||
| 338 |
_2rdacarrier _arecurso en línea _bcr |
||
| 502 |
_bIAEZ _cZootecnía _d2022 _gLIC |
||
| 504 | _aIncluye referencias bibliográficas: páginas 51-58 | ||
| 650 | 0 |
_aGanado lanar _xPeso _9140654 |
|
| 650 | 4 |
_aGanado lanar _xEngorda _945175 |
|
| 650 | 4 |
_aGanado lanar _xNutrición _945205 |
|
| 650 | 4 |
_aOvejas _x Alimentación y alimentos _9146080 |
|
| 700 | 1 |
_aLuna Baltazar, Elda Arely De _9189376 |
|
| 700 | 1 |
_aVallejo Hernández, Laura Haydée _9188353 _eDirector |
|
| 856 |
_uhttp://10.13.5.2/tesis/tl/1410402-1y1410578-9_Cervantes_Martinez_Luis_AyDe_Luna_Baltazar_Elda_A.pdf _zDESCARGAR PDF |
||
| 942 |
_2Clasificación Universidad Autónoma Chapingo _cTD |
||
| 999 |
_c220060 _d220060 |
||